Monchengladbach Full Squads (2000-) - Statistics

General Stats
  • This quiz has been taken 127 times
  • The average score is 237 of 625
Answer Stats
Year # Pos/Country Answer % Correct
2014-2015 1 GK Yann Sommer
98%
2015-2016 1 GK Yann Sommer
98%
2016-2017 1 GK Yann Sommer
98%
2017-2018 1 GK Yann Sommer
98%
2018-2019 1 GK Yann Sommer
98%
2019-2020 1 GK Yann Sommer
98%
2020-2021 1 GK Yann Sommer
98%
2021-2022 1 GK Yann Sommer
98%
2022-2023 1 GK Yann Sommer
98%
2019-2020 10 FW Marcus Thuram
94%
2020-2021 10 FW Marcus Thuram
94%
2021-2022 10 FW Marcus Thuram
94%
2022-2023 10 FW Marcus Thuram
94%
2018-2019 14 FW Alassane Pléa
89%
2019-2020 14 FW Alassane Pléa
89%
2020-2021 14 FW Alassane Pléa
89%
2021-2022 14 FW Alassane Pléa
89%
2022-2023 14 FW Alassane Pléa
89%
2023-2024 14 FW Alassane Pléa
89%
2024-2025 14 FW Alassane Pléa
89%
2015-2016 30 DF Nico Elvedi
80%
2016-2017 30 DF Nico Elvedi
80%
2017-2018 30 DF Nico Elvedi
80%
2018-2019 30 DF Nico Elvedi
80%
2019-2020 30 DF Nico Elvedi
80%
2020-2021 30 DF Nico Elvedi
80%
2021-2022 30 DF Nico Elvedi
80%
2022-2023 30 DF Nico Elvedi
80%
2023-2024 30 DF Nico Elvedi
80%
2024-2025 30 DF Nico Elvedi
80%
2019-2020 36 FW Breel Embolo
78%
2020-2021 36 FW Breel Embolo
78%
2021-2022 36 FW Breel Embolo
78%
2014-2015 26 FW Thorgan Hazard
78%
2015-2016 10 FW Thorgan Hazard
78%
2016-2017 10 FW Thorgan Hazard
78%
2017-2018 10 FW Thorgan Hazard
78%
2018-2019 10 FW Thorgan Hazard
78%
2018-2019 32 MF Florian Neuhaus
77%
2019-2020 32 MF Florian Neuhaus
77%
2020-2021 32 MF Florian Neuhaus
77%
2021-2022 32 MF Florian Neuhaus
77%
2022-2023 32 MF Florian Neuhaus
77%
2023-2024 10 MF Florian Neuhaus
77%
2024-2025 10 MF Florian Neuhaus
77%
2019-2020 25 DF Ramy Bensebaini
77%
2020-2021 25 DF Ramy Bensebaini
77%
2021-2022 25 DF Ramy Bensebaini
77%
2022-2023 25 DF Ramy Bensebaini
77%
2013-2014 23 MF Christoph Kramer
75%
2014-2015 23 MF Christoph Kramer
75%
2016-2017 6 MF Christoph Kramer
75%
2017-2018 6 MF Christoph Kramer
75%
2018-2019 6 MF Christoph Kramer
75%
2019-2020 6 MF Christoph Kramer
75%
2020-2021 6 MF Christoph Kramer
75%
2021-2022 6 MF Christoph Kramer
75%
2022-2023 6 MF Christoph Kramer
75%
2023-2024 23 MF Christoph Kramer
75%
2013-2014 11 FW Raffael
73%
2014-2015 11 FW Raffael
73%
2015-2016 11 FW Raffael
73%
2016-2017 11 FW Raffael
73%
2017-2018 11 FW Raffael
73%
2018-2019 11 FW Raffael
73%
2019-2020 11 FW Raffael
73%
2009-2010 11 MF Marco Reus
72%
2010-2011 11 MF Marco Reus
72%
2011-2012 11 MF Marco Reus
72%
2015-2016 23 MF Jonas Hofmann
70%
2016-2017 23 MF Jonas Hofmann
70%
2017-2018 23 MF Jonas Hofmann
70%
2018-2019 23 MF Jonas Hofmann
70%
2019-2020 23 MF Jonas Hofmann
70%
2020-2021 23 MF Jonas Hofmann
70%
2021-2022 23 MF Jonas Hofmann
70%
2022-2023 23 MF Jonas Hofmann
70%
2015-2016 13 MF Lars Stindl
70%
2016-2017 13 MF Lars Stindl
70%
2017-2018 13 MF Lars Stindl
70%
2018-2019 13 MF Lars Stindl
70%
2019-2020 13 MF Lars Stindl
70%
2020-2021 13 MF Lars Stindl
70%
2021-2022 13 MF Lars Stindl
70%
2022-2023 13 MF Lars Stindl
70%
2012-2013 34 MF Granit Xhaka
69%
2013-2014 34 MF Granit Xhaka
69%
2014-2015 34 MF Granit Xhaka
69%
2015-2016 34 MF Granit Xhaka
69%
2022-2023 3 DF Ko Itakura
69%
2023-2024 3 DF Ko Itakura
69%
2024-2025 3 DF Ko Itakura
69%
2009-2010 42 FW Patrick Herrmann
69%
2010-2011 15 FW Patrick Herrmann
69%
2011-2012 7 FW Patrick Herrmann
69%
2012-2013 7 FW Patrick Herrmann
69%
2013-2014 7 FW Patrick Herrmann
69%
2014-2015 7 FW Patrick Herrmann
69%
2015-2016 7 FW Patrick Herrmann
69%
2016-2017 7 FW Patrick Herrmann
69%
2017-2018 7 FW Patrick Herrmann
69%
2018-2019 7 FW Patrick Herrmann
69%
2019-2020 7 FW Patrick Herrmann
69%
2020-2021 7 FW Patrick Herrmann
69%
2021-2022 7 FW Patrick Herrmann
69%
2022-2023 7 FW Patrick Herrmann
69%
2023-2024 7 FW Patrick Herrmann
69%
2022-2023 1 GK Jonas Omlin
67%
2023-2024 1 GK Jonas Omlin
67%
2024-2025 1 GK Jonas Omlin
67%
2011-2012 17 DF Oscar Wendt
67%
2012-2013 17 DF Oscar Wendt
67%
2013-2014 17 DF Oscar Wendt
67%
2014-2015 17 DF Oscar Wendt
67%
2015-2016 17 DF Oscar Wendt
67%
2016-2017 17 DF Oscar Wendt
67%
2017-2018 17 DF Oscar Wendt
67%
2018-2019 17 DF Oscar Wendt
67%
2019-2020 17 DF Oscar Wendt
67%
2020-2021 17 DF Oscar Wendt
67%
2013-2014 19 MF Mahmoud Dahoud
66%
2014-2015 6 MF Mahmoud Dahoud
66%
2015-2016 8 MF Mahmoud Dahoud
66%
2016-2017 8 MF Mahmoud Dahoud
66%
2017-2018 28 DF Matthias Ginter
66%
2018-2019 28 DF Matthias Ginter
66%
2019-2020 28 DF Matthias Ginter
66%
2020-2021 28 DF Matthias Ginter
66%
2021-2022 28 DF Matthias Ginter
66%
2014-2015 19 MF Fabian Johnson
64%
2015-2016 19 MF Fabian Johnson
64%
2016-2017 19 MF Fabian Johnson
64%
2017-2018 19 MF Fabian Johnson
64%
2018-2019 19 MF Fabian Johnson
64%
2019-2020 19 MF Fabian Johnson
64%
2009-2010 42 GK Marc-André ter Stegen
64%
2010-2011 21 GK Marc-André ter Stegen
64%
2011-2012 1 GK Marc-André ter Stegen
64%
2012-2013 1 GK Marc-André ter Stegen
64%
2013-2014 1 GK Marc-André ter Stegen
64%
2021-2022 29 DF Joe Scally
63%
2022-2023 29 DF Joe Scally
63%
2023-2024 29 DF Joe Scally
63%
2024-2025 29 DF Joe Scally
63%
2022-2023 8 MF Julian Weigl
63%
2023-2024 8 MF Julian Weigl
63%
2024-2025 8 MF Julian Weigl
63%
2016-2017 4 DF Jannik Vestergaard
59%
2017-2018 4 DF Jannik Vestergaard
59%
2015-2016 3 DF Andreas Christensen
58%
2016-2017 3 DF Andreas Christensen
58%
2017-2018 8 MF Denis Zakaria
58%
2018-2019 8 MF Denis Zakaria
58%
2019-2020 8 MF Denis Zakaria
58%
2020-2021 8 MF Denis Zakaria
58%
2021-2022 8 MF Denis Zakaria
58%
2014-2015 8 FW Ibrahima Traoré
58%
2015-2016 16 FW Ibrahima Traoré
58%
2016-2017 16 FW Ibrahima Traoré
58%
2017-2018 16 FW Ibrahima Traoré
58%
2018-2019 16 FW Ibrahima Traoré
58%
2019-2020 16 FW Ibrahima Traoré
58%
2020-2021 16 FW Ibrahima Traoré
58%
2009-2010 18 MF Juan Arango
58%
2010-2011 18 MF Juan Arango
58%
2011-2012 18 MF Juan Arango
58%
2012-2013 18 MF Juan Arango
58%
2013-2014 18 MF Juan Arango
58%
2019-2020 18 DF Stefan Lainer
58%
2020-2021 18 DF Stefan Lainer
58%
2021-2022 18 DF Stefan Lainer
58%
2022-2023 18 DF Stefan Lainer
58%
2023-2024 18 DF Stefan Lainer
58%
2024-2025 22 DF Stefan Lainer
58%
2021-2022 17 MF Manu Koné
56%
2022-2023 17 MF Manu Koné
56%
2023-2024 17 MF Manu Koné
56%
2014-2015 28 FW André Hahn
55%
2015-2016 28 FW André Hahn
55%
2016-2017 28 FW André Hahn
55%
2021-2022 20 DF Luca Netz
55%
2022-2023 20 DF Luca Netz
55%
2023-2024 20 DF Luca Netz
55%
2024-2025 20 DF Luca Netz
55%
2021-2022 5 DF Marvin Friedrich
55%
2022-2023 5 DF Marvin Friedrich
55%
2023-2024 5 DF Marvin Friedrich
55%
2024-2025 5 DF Marvin Friedrich
55%
2018-2019 35 GK Moritz Nicolas
55%
2022-2023 33 GK Moritz Nicolas
55%
2023-2024 33 GK Moritz Nicolas
55%
2024-2025 33 GK Moritz Nicolas
55%
2024-2025 11 FW Tim Kleindienst
55%
2023-2024 9 FW Franck Honorat
53%
2024-2025 9 FW Franck Honorat
53%
2020-2021 43 MF Rocco Reitz
53%
2023-2024 27 MF Rocco Reitz
53%
2024-2025 27 MF Rocco Reitz
53%
2023-2024 31 FW Tomas Cvancara
52%
2024-2025 31 FW Tomas Cvancara
52%
2023-2024 2 DF Fabio Chiarodia
50%
2024-2025 2 DF Fabio Chiarodia
50%
2004-2005 27 FW Oliver Neuville
50%
2005-2006 27 FW Oliver Neuville
50%
2006-2007 27 FW Oliver Neuville
50%
2007-2008 27 FW Oliver Neuville
50%
2008-2009 27 FW Oliver Neuville
50%
2009-2010 27 FW Oliver Neuville
50%
2009-2010 24 DF Tony Jantschke
48%
2010-2011 24 DF Tony Jantschke
48%
2011-2012 24 DF Tony Jantschke
48%
2012-2013 24 DF Tony Jantschke
48%
2013-2014 24 DF Tony Jantschke
48%
2014-2015 24 DF Tony Jantschke
48%
2015-2016 24 DF Tony Jantschke
48%
2016-2017 24 DF Tony Jantschke
48%
2017-2018 24 DF Tony Jantschke
48%
2018-2019 24 DF Tony Jantschke
48%
2019-2020 24 DF Tony Jantschke
48%
2020-2021 24 DF Tony Jantschke
48%
2021-2022 24 DF Tony Jantschke
48%
2022-2023 24 DF Tony Jantschke
48%
2023-2024 24 DF Tony Jantschke
48%
2009-2010 10 FW Raúl Bobadilla
47%
2010-2011 9 FW Raúl Bobadilla
47%
2011-2012 9 FW Raúl Bobadilla
47%
2017-2018 26 FW Raúl Bobadilla
47%
2012-2013 15 DF Álvaro Domínguez
45%
2013-2014 15 DF Álvaro Domínguez
45%
2014-2015 15 DF Álvaro Domínguez
45%
2015-2016 15 DF Álvaro Domínguez
45%
2004-2005 3 DF Filip Daems
45%
2005-2006 3 DF Filip Daems
45%
2007-2008 3 DF Filip Daems
45%
2008-2009 3 DF Filip Daems
45%
2009-2010 3 DF Filip Daems
45%
2010-2011 3 DF Filip Daems
45%
2011-2012 3 DF Filip Daems
45%
2012-2013 3 DF Filip Daems
45%
2013-2014 3 DF Filip Daems
45%
2014-2015 3 DF Filip Daems
45%
2007-2008 4 DF Roel Brouwers
45%
2008-2009 4 DF Roel Brouwers
45%
2009-2010 4 DF Roel Brouwers
45%
2010-2011 4 DF Roel Brouwers
45%
2011-2012 4 DF Roel Brouwers
45%
2012-2013 4 DF Roel Brouwers
45%
2013-2014 4 DF Roel Brouwers
45%
2014-2015 4 DF Roel Brouwers
45%
2015-2016 4 DF Roel Brouwers
45%
2015-2016 21 GK Tobias Sippel
45%
2016-2017 21 GK Tobias Sippel
45%
2017-2018 21 GK Tobias Sippel
45%
2018-2019 21 GK Tobias Sippel
45%
2020-2021 21 GK Tobias Sippel
45%
2021-2022 21 GK Tobias Sippel
45%
2022-2023 21 GK Tobias Sippel
45%
2024-2025 21 GK Tobias Sippel
45%
2008-2009 31 DF Dante
44%
2009-2010 31 DF Dante
44%
2010-2011 31 DF Dante
44%
2011-2012 31 DF Dante
44%
2023-2024 28 FW Grant-Leon Ranos
44%
2024-2025 28 FW Grant-Leon Ranos
44%
2010-2011 19 FW Mike Hanke
44%
2011-2012 19 FW Mike Hanke
44%
2012-2013 19 FW Mike Hanke
44%
2023-2024 25 FW Robin Hack
44%
2024-2025 25 FW Robin Hack
44%
2024-2025 7 MF Kevin Stöger
42%
2023-2024 26 DF Lukas Ullrich
42%
2024-2025 26 DF Lukas Ullrich
42%
2012-2013 9 FW Luuk de Jong
42%
2013-2014 9 FW Luuk de Jong
42%
2009-2010 13 DF Roman Neustädter
42%
2010-2011 13 DF Roman Neustädter
42%
2011-2012 13 DF Roman Neustädter
42%
2015-2016 9 FW Josip Drmic
41%
2016-2017 9 FW Josip Drmic
41%
2017-2018 18 FW Josip Drmic
41%
2018-2019 18 FW Josip Drmic
41%
2016-2017 22 MF László Bénes
41%
2017-2018 22 MF László Bénes
41%
2018-2019 22 MF László Bénes
41%
2019-2020 22 MF László Bénes
41%
2020-2021 22 MF László Bénes
41%
2021-2022 22 MF László Bénes
41%
2010-2011 39 DF Martin Stranzl
41%
2011-2012 39 DF Martin Stranzl
41%
2012-2013 39 DF Martin Stranzl
41%
2013-2014 39 DF Martin Stranzl
41%
2014-2015 39 DF Martin Stranzl
41%
2015-2016 39 DF Martin Stranzl
41%
2013-2014 10 FW Max Kruse
41%
2014-2015 10 FW Max Kruse
41%
2022-2023 19 FW Nathan Ngoumou
41%
2023-2024 19 FW Nathan Ngoumou
41%
2024-2025 19 FW Nathan Ngoumou
41%
2017-2018 27 MF Michaël Cuisance
39%
2018-2019 27 MF Michaël Cuisance
39%
2010-2011 16 MF Håvard Nordtveit
38%
2011-2012 16 MF Håvard Nordtveit
38%
2012-2013 16 MF Håvard Nordtveit
38%
2013-2014 16 MF Håvard Nordtveit
38%
2014-2015 16 MF Håvard Nordtveit
38%
2015-2016 6 MF Håvard Nordtveit
38%
2010-2011 10 FW Igor de Camargo
38%
2011-2012 10 FW Igor de Camargo
38%
2012-2013 10 FW Igor de Camargo
38%
2014-2015 18 MF Marvin Schulz
38%
2015-2016 18 MF Marvin Schulz
38%
2005-2006 23 FW Nando Rafael
38%
2006-2007 23 FW Nando Rafael
38%
2007-2008 9 FW Nando Rafael
38%
2016-2017 14 DF Nico Schulz
38%
2022-2023 38 FW Yvandro Borges Sanches
38%
2006-2007 19 GK Christofer Heimeroth
36%
2007-2008 1 GK Christofer Heimeroth
36%
2008-2009 1 GK Christofer Heimeroth
36%
2009-2010 1 GK Christofer Heimeroth
36%
2010-2011 1 GK Christofer Heimeroth
36%
2012-2013 33 GK Christofer Heimeroth
36%
2013-2014 33 GK Christofer Heimeroth
36%
2014-2015 33 GK Christofer Heimeroth
36%
2024-2025 16 MF Philipp Sander
36%
2020-2021 19 MF Valentino Lazaro
36%
2017-2018 32 FW Vincenzo Grifo
36%
2023-2024 39 DF Maximilian Wöber
34%
2018-2019 3 DF Michael Lang
34%
2020-2021 3 DF Michael Lang
34%
2022-2023 41 GK Jan Olschowsky
33%
2007-2008 11 MF Marko Marin
33%
2008-2009 11 MF Marko Marin
33%
2012-2013 31 MF Branimir Hrgota
31%
2013-2014 31 MF Branimir Hrgota
31%
2014-2015 31 MF Branimir Hrgota
31%
2015-2016 31 MF Branimir Hrgota
31%
2020-2021 11 FW Hannes Wolf
31%
2021-2022 11 FW Hannes Wolf
31%
2022-2023 11 FW Hannes Wolf
31%
2015-2016 5 DF Martin Hinteregger
31%
2008-2009 26 MF Michael Bradley
31%
2009-2010 26 MF Michael Bradley
31%
2010-2011 26 MF Michael Bradley
31%
2024-2025 13 FW Shio Fukuda
31%
2008-2009 40 FW Karim Matmour
28%
2009-2010 40 FW Karim Matmour
28%
2010-2011 40 FW Karim Matmour
28%
2004-2005 32 DF Marcell Jansen
28%
2005-2006 5 DF Marcell Jansen
28%
2006-2007 5 DF Marcell Jansen
28%
2011-2012 27 DF Julian Korb
27%
2012-2013 27 DF Julian Korb
27%
2013-2014 27 DF Julian Korb
27%
2014-2015 27 DF Julian Korb
27%
2015-2016 27 DF Julian Korb
27%
2016-2017 27 DF Julian Korb
27%
2004-2005 26 GK Kasey Keller
27%
2005-2006 26 GK Kasey Keller
27%
2006-2007 1 GK Kasey Keller
27%
2010-2011 25 FW Mohamadou Idrissou
27%
2024-2025 42 GK Tiago Pereira Cardoso
27%
2008-2009 30 GK Logan Bailly
25%
2009-2010 30 GK Logan Bailly
25%
2010-2011 30 GK Logan Bailly
25%
2017-2018 3 DF Reece Oxford
25%
2007-2008 16 FW Rob Friend
25%
2008-2009 16 FW Rob Friend
25%
2009-2010 16 FW Rob Friend
25%
2018-2019 40 DF Andreas Poulsen
23%
2000-2001 12 GK Bernd Meier
23%
2001-2002 12 GK Bernd Meier
23%
2021-2022 34 MF Conor Noß
22%
2016-2017 20 MF Djibril Sow
22%
2023-2024 13 FW Jordan
22%
2019-2020 4 DF Mamadou Doucouré
22%
2000-2001 2 DF Max Eberl
22%
2001-2002 2 DF Max Eberl
22%
2002-2003 2 DF Max Eberl
22%
2003-2004 2 DF Max Eberl
22%
2012-2013 22 FW Peniel Mlapa
22%
2013-2014 22 FW Peniel Mlapa
22%
2000-2001 9 FW Arie van Lent
20%
2001-2002 9 FW Arie van Lent
20%
2002-2003 9 FW Arie van Lent
20%
2003-2004 9 FW Arie van Lent
20%
2005-2006 10 FW Giovane Élber
20%
2008-2009 13 DF Paul Stalteri
20%
2009-2010 7 DF Paul Stalteri
20%
2009-2010 14 MF Thorben Marx
19%
2010-2011 14 MF Thorben Marx
19%
2011-2012 14 MF Thorben Marx
19%
2012-2013 14 MF Thorben Marx
19%
2013-2014 14 MF Thorben Marx
19%
2014-2015 14 MF Thorben Marx
19%
2016-2017 5 MF Tobias Strobl
19%
2017-2018 5 MF Tobias Strobl
19%
2018-2019 5 MF Tobias Strobl
19%
2019-2020 5 MF Tobias Strobl
19%
2008-2009 29 MF Alexander Baumjohann
17%
2011-2012 20 FW Mathew Leckie
17%
2002-2003 29 FW Mikael Forssell
17%
2000-2001 1 GK Uwe Kamps
17%
2004-2005 9 FW Wesley Sonck
17%
2005-2006 9 FW Wesley Sonck
17%
2006-2007 9 FW Wesley Sonck
17%
2005-2006 2 DF Bo Svensson
16%
2006-2007 2 DF Bo Svensson
16%
2005-2006 19 MF Eugen Polanski
16%
2006-2007 6 MF Eugen Polanski
16%
2007-2008 6 MF Eugen Polanski
16%
2017-2018 42 DF Florian Mayer
16%
2000-2001 6 MF Igor Demo
16%
2001-2002 6 MF Igor Demo
16%
2002-2003 6 MF Igor Demo
16%
2003-2004 6 MF Igor Demo
16%
2004-2005 6 MF Igor Demo
16%
2002-2003 7 DF Jeff Strasser
16%
2003-2004 7 DF Jeff Strasser
16%
2004-2005 7 DF Jeff Strasser
16%
2005-2006 7 DF Jeff Strasser
16%
2003-2004 11 FW Joonas Kolkka
16%
2004-2005 28 FW Marek Heinz
16%
2005-2006 28 FW Marek Heinz
16%
2000-2001 7 MF Peter Nielsen
16%
2001-2002 7 MF Peter Nielsen
16%
2007-2008 7 MF Soumaila Coulibaly
16%
2006-2007 37 DF Tobias Levels
16%
2007-2008 22 DF Tobias Levels
16%
2008-2009 22 DF Tobias Levels
16%
2009-2010 22 DF Tobias Levels
16%
2010-2011 22 DF Tobias Levels
16%
2011-2012 6 MF Tolga Ciğerci
16%
2012-2013 6 MF Tolga Ciğerci
16%
2008-2009 8 MF Tomas Galasek
16%
2003-2004 25 FW Vaclav Sverkos
16%
2004-2005 25 FW Vaclav Sverkos
16%
2005-2006 25 FW Vaclav Sverkos
16%
2006-2007 25 FW Vaclav Sverkos
16%
2011-2012 5 MF Alexander Ring
14%
2012-2013 5 MF Alexander Ring
14%
2003-2004 3 DF Bradley Carnell
14%
2004-2005 3 DF Bradley Carnell
14%
2006-2007 17 MF David Degen
14%
2009-2010 29 FW Fabian Bäcker
14%
2018-2019 15 DF Jordan Beyer
14%
2019-2020 15 DF Jordan Beyer
14%
2020-2021 15 DF Jordan Beyer
14%
2021-2022 15 DF Jordan Beyer
14%
2001-2002 28 GK Jörg Stiel
14%
2002-2003 1 GK Jörg Stiel
14%
2003-2004 1 GK Jörg Stiel
14%
2002-2003 12 DF Joris Van Hout
14%
2003-2004 13 DF Joris Van Hout
14%
2004-2005 13 DF Joris Van Hout
14%
2000-2001 15 DF Marcelo Pletsch
14%
2001-2002 15 DF Marcelo Pletsch
14%
2002-2003 15 DF Marcelo Pletsch
14%
2003-2004 15 DF Marcelo Pletsch
14%
2004-2005 15 DF Marcelo Pletsch
14%
2003-2004 18 MF Pascal Ojigwe
14%
2010-2011 5 DF Bamba Anderson
13%
2000-2001 19 DF Bernd Korzynietz
13%
2001-2002 19 DF Bernd Korzynietz
13%
2002-2003 19 DF Bernd Korzynietz
13%
2003-2004 19 DF Bernd Korzynietz
13%
2004-2005 19 DF Bernd Korzynietz
13%
2012-2013 21 GK Janis Blaswich
13%
2013-2014 21 GK Janis Blaswich
13%
2014-2015 21 GK Janis Blaswich
13%
2004-2005 11 MF Jörg Böhme
13%
2020-2021 20 FW Julio Villalba
13%
2005-2006 15 FW Kahê
13%
2006-2007 15 FW Kahê
13%
2019-2020 37 MF Keanan Bennetts
13%
2021-2022 37 MF Keanan Bennetts
13%
2000-2001 23 MF Lawrence Aidoo
13%
2001-2002 23 MF Lawrence Aidoo
13%
2002-2003 23 MF Lawrence Aidoo
13%
2003-2004 23 MF Lawrence Aidoo
13%
2011-2012 8 MF Lukas Rupp
13%
2012-2013 8 MF Lukas Rupp
13%
2013-2014 8 MF Lukas Rupp
13%
2007-2008 23 MF Marcel Ndjeng
13%
2008-2009 23 MF Marcel Ndjeng
13%
2000-2001 21 MF Markus Hausweiler
13%
2001-2002 21 MF Markus Hausweiler
13%
2002-2003 21 MF Markus Hausweiler
13%
2003-2004 21 MF Markus Hausweiler
13%
2004-2005 21 MF Markus Hausweiler
13%
2005-2006 21 MF Niels Oude Kamphuis
13%
2000-2001 10 FW Peter Van Houdt
13%
2001-2002 10 FW Peter Van Houdt
13%
2002-2003 10 FW Peter Van Houdt
13%
2007-2008 30 FW Roberto Colautti
13%
2008-2009 9 FW Roberto Colautti
13%
2009-2010 9 FW Roberto Colautti
13%
2003-2004 29 MF Thomas Broich
13%
2004-2005 29 MF Thomas Broich
13%
2005-2006 29 MF Thomas Broich
13%
2005-2006 4 DF Thomas Helveg
13%
2006-2007 4 DF Thomas Helveg
13%
2000-2001 13 FW Benjamin Auer
11%
2001-2002 13 FW Benjamin Auer
11%
2003-2004 40 GK Claus Reitmaier
11%
2003-2004 36 MF Enrico Gaede
11%
2004-2005 36 MF Enrico Gaede
11%
2001-2002 8 MF Ivo Ulich
11%
2002-2003 8 MF Ivo Ulich
11%
2003-2004 8 MF Ivo Ulich
11%
2004-2005 8 MF Ivo Ulich
11%
2011-2012 15 FW Joshua King
11%
2002-2003 27 MF Marcel Ketelaer
11%
2003-2004 27 MF Marcel Ketelaer
11%
2002-2003 17 FW Morten Skoubo
11%
2003-2004 17 FW Morten Skoubo
11%
2004-2005 5 DF Nico Van Kerckhoven
11%
2003-2004 22 MF Oliver Kirch
11%
2006-2007 22 MF Oliver Kirch
11%
2001-2002 24 MF Peer Kluge
11%
2002-2003 24 MF Peer Kluge
11%
2003-2004 24 MF Peer Kluge
11%
2004-2005 24 MF Peer Kluge
11%
2005-2006 24 MF Peer Kluge
11%
2006-2007 24 MF Peer Kluge
11%
2006-2007 8 MF Sebastian Svärd
11%
2007-2008 8 MF Sebastian Svärd
11%
2008-2009 8 MF Sebastian Svärd
11%
2000-2001 5 DF Sladjan Asanin
11%
2001-2002 5 DF Sladjan Asanin
11%
2002-2003 5 DF Sladjan Asanin
11%
2003-2004 5 DF Sladjan Asanin
11%
2000-2001 4 DF Steffen Korell
11%
2001-2002 4 DF Steffen Korell
11%
2002-2003 4 DF Steffen Korell
11%
2006-2007 28 DF Steve Gohouri
11%
2007-2008 5 DF Steve Gohouri
11%
2008-2009 5 DF Steve Gohouri
11%
2007-2008 13 DF Alexander Voigt
9%
2008-2009 13 DF Alexander Voigt
9%
2011-2012 34 FW Amin Younes
9%
2012-2013 25 FW Amin Younes
9%
2013-2014 25 FW Amin Younes
9%
2004-2005 16 MF Bernd Thijs
9%
2005-2006 16 MF Bernd Thijs
9%
2006-2007 16 MF Bernd Thijs
9%
2004-2005 18 DF Craig Moore
9%
2001-2002 20 MF Daniel Felgenhauer
9%
2002-2003 20 MF Daniel Felgenhauer
9%
2004-2005 1 GK Darius Kampa
9%
2006-2007 10 MF Federico Insúa
9%
2008-2009 19 MF Gal Alberman
9%
2008-2009 20 DF Jean-Sébastien Jaurès
9%
2009-2010 20 DF Jean-Sébastien Jaurès
9%
2007-2008 28 DF Johannes van den Bergh
9%
2005-2006 20 DF Kasper Bögelund
9%
2006-2007 20 DF Kasper Bögelund
9%
2007-2008 20 DF Kasper Bögelund
9%
2005-2006 8 MF Krisztián Lisztes
9%
2009-2010 8 MF Marcel Meeuwis
9%
2000-2001 11 FW Marcel Witeczek
9%
2001-2002 11 FW Marcel Witeczek
9%
2002-2003 11 FW Marcel Witeczek
9%
2001-2002 26 FW Marcin Mieciel
9%
2011-2012 2 MF Matthias Zimmermann
9%
2012-2013 2 MF Matthias Zimmermann
9%
2006-2007 26 FW Michael Delura
9%
2010-2011 6 DF Michael Fink
9%
2004-2005 14 DF Milan Fukal
9%
2005-2006 18 DF Milan Fukal
9%
2003-2004 14 DF Milan Obradovic
9%
2007-2008 17 DF Patrick Paauwe
9%
2008-2009 17 DF Patrick Paauwe
9%
2007-2008 14 MF Sharbel Touma
9%
2007-2008 15 DF Thomas Kleine
9%
2009-2010 15 DF Thomas Kleine
9%
2003-2004 30 FW Tomislav Maric
9%
2007-2008 21 GK Uwe Gospodarek
9%
2008-2009 21 GK Uwe Gospodarek
9%
2011-2012 23 MF Yuki Otsu
9%
2005-2006 13 DF Zé António
9%
2006-2007 13 DF Zé António
9%
2016-2017 44 FW Ba-Muaka Simakala
8%
2000-2001 16 MF Berthil ter Avest
8%
2001-2002 16 MF Berthil ter Avest
8%
2008-2009 32 DF Christian Dorda
8%
2004-2005 23 MF Christian Ziege
8%
2002-2003 39 DF Daniel Embers
8%
2005-2006 14 DF Hassan El Fakiri
8%
2006-2007 14 DF Hassan El Fakiri
8%
2008-2009 6 DF Jan-Ingwer Callsen-Bracker
8%
2010-2011 6 DF Jan-Ingwer Callsen-Bracker
8%
2017-2018 2 DF Mandela Egbo
8%
2001-2002 14 FW Marco Küntzel
8%
2002-2003 14 FW Marco Küntzel
8%
2001-2002 3 DF Markus Münch
8%
2002-2003 3 DF Markus Münch
8%
2000-2001 29 FW Markus Osthoff
8%
2014-2015 36 MF Marlon Ritter
8%
2005-2006 33 DF Marvin Compper
8%
2006-2007 33 DF Marvin Compper
8%
2007-2008 18 DF Marvin Compper
8%
2000-2001 31 FW Mehdi Ben Slimane
8%
2001-2002 31 GK Michael Melka
8%
2002-2003 31 GK Michael Melka
8%
2007-2008 25 FW Moses Lamidi
8%
2009-2010 25 FW Moses Lamidi
8%
2000-2001 17 DF Quido Lanzaat
8%
2001-2002 17 DF Quido Lanzaat
8%
2005-2006 36 MF Robert Fleßers
8%
2006-2007 36 MF Robert Fleßers
8%
2007-2008 10 FW Sascha Rösler
8%
2007-2008 2 DF Sebastian Schachten
8%
2010-2011 2 DF Sebastian Schachten
8%
2000-2001 18 MF Stéphane Stassin
8%
2001-2002 18 MF Stéphane Stassin
8%
2002-2003 18 MF Stéphane Stassin
8%
2000-2001 32 GK Thomas Richter
8%
2016-2017 25 DF Timothée Kolodziejczak
8%
2019-2020 44 FW Charalambos Makridis
6%
2000-2001 30 MF Jens Bäumer
6%
2000-2001 3 DF Michael Klinkert
6%
2000-2001 27 DF René Klingbeil
5%
2000-2001 0 GK Toma Trocha
5%
2013-2014 28 DF Joel Mero
3%
No matching quizzes found
Score Distribution
Percent of People with Each Score
Percentile by Number Answered
Your Score History
You have not taken this quiz